000 00682nam a2200241Ia 4500
003 OSt
005 20220925191055.0
006 a|||||r|||| 00| 0
007 ta
008 220923b |||||||| |||| 00| 0 eng d
037 _cGeneral Book
040 _aRTL
_cRTL
_beng
041 _2eng
_aeng
082 _aY, K6
100 _aMuzumdar Haridas T
_9134183
245 0 _aGrammar of sociology
_b Man in society
260 _aBombay
_bAsian Publishing House
_c1966
300 _axxiv, 728p, charts and graphs
_ccm.
500 _aAppendix: P 685-94
650 _aEssays Sociology
942 _hY, K6
_cGB
_2CC
999 _c517131
_d517131